000 00959cam a22002775a 4500
001 18576116
005 20150610155540.0
008 150415t2015 caua fr 001 0 eng d
020 _a0133904393
020 _a9780133904390
040 _aDLC
_beng
_cDLC
_dEG-ScBUE
082 0 4 _a686.22544536
_bANT
_222
100 1 _aAnton, Kelly Kordes.
_938152
245 1 0 _aAdobe InDesign CC :
_b2014 release classroom in a book : the official training workbook from adobe /
_cKelly Kordes Anton and John Cruise.
260 _aCalifornia :
_bAdobe Systems Incorporated,
_cc.2015.
300 _ax, 417 p. :
_bill. (col.) ;
_c23 cm.
500 _aIndex : p. 396-417.
500 _a"The official training workbook from Adobe" -- Cover.
630 0 0 _aAdobe InDesign (Electronic resource)
650 0 _aDesktop publishing.
_2BUEsh
651 _2BUEsh
653 _bCOMAME
_bCOMSCI
_cJune2015
655 _vreading book
_934232
700 1 _aCruise, John.
942 _2ddc
999 _c19564
_d19536